000 00475nam a2200181Ia 4500
008 090122s9999 xx 000 0 und d
082 _b12740
100 _aडॉ
_bजाखोटिया
_cगिरिश
245 _aवंश
260 _bराजेंद्र प्रकाशन
_c2008
300 _a246
501 _aललित वितरण
600 _aडॉ
630 _aवंश
700 _aडॉ
730 _aवंश
942 _cBOOK
999 _c36817
_d36817